000
00307nam a22001217a 4500
008
170720b xxu||||| |||| 00| 0 eng d
041
_a
eng
080
_a
004
100
_a
28
101
_a
SHKI
245
_a
IEEE INTERNATIONAL CONFERENCE ON COMPUTER DESIGN: VLSI IN COMPUTER
_c
CARTER H.W
942
_2
udc
_c
BK
999
_c
21676
_d
21676